000 00445nam a2200157Ia 4500
005 20250210012249.0
008 240331s9999 xx 000 0 und d
082 _bKNO
_a954
100 _aKnox, R
245 0 _a Account of the captivity of Robert Knox :
_b and other englishmen in the island of Ceylon
260 _aColombo
_bM.D. Gunasena & Co., Ltd.,
_c1818
300 _axi, 146 p .,
650 _aHistory
650 _aReligion
942 _cL
999 _c3486
_d3486